Clinically Oriented Anatomy (Record no. 297)

MARC details
000 -LEADER
fixed length control field 01046pam a2200289 a 4500
001 - CONTROL NUMBER
control field 1672925
003 - CONTROL NUMBER IDENTIFIER
control field OSt
005 - DATE AND TIME OF LATEST TRANSACTION
control field 20260306020204.0
008 - FIXED-LENGTH DATA ELEMENTS--GENERAL INFORMATION
fixed length control field 981008s1999 paua b 001 0 eng c
010 ## - LIBRARY OF CONGRESS CONTROL NUMBER
LC control number 98048704
020 ## - INTERNATIONAL STANDARD BOOK NUMBER
International Standard Book Number 0683061410 (alk. paper)
040 ## - CATALOGING SOURCE
Original cataloging agency DNLM/DLC
Transcribing agency DLC
Modifying agency DLC
050 00 - LIBRARY OF CONGRESS CALL NUMBER
Classification number QM23.2
Item number .M67 1999
060 10 - NATIONAL LIBRARY OF MEDICINE CALL NUMBER
Classification number QS 4
Item number M822c 1999
082 00 - DEWEY DECIMAL CLASSIFICATION NUMBER
Classification number QS 4 M822c 1999
Edition number 21
100 1# - MAIN ENTRY--PERSONAL NAME
Personal name Moore, Keith L.; Dalley, Arthur F.
9 (RLIN) 228
245 10 - TITLE STATEMENT
Title Clinically Oriented Anatomy
250 ## - EDITION STATEMENT
Edition statement 4th ed.
260 ## - PUBLICATION, DISTRIBUTION, ETC. (IMPRINT)
Place of publication, distribution, etc. Philadelphia :
Name of publisher, distributor, etc. Lippincott Williams & Wilkins,
Date of publication, distribution, etc. c1999.
300 ## - PHYSICAL DESCRIPTION
Extent xxxi, 1164 p. :
Other physical details ill. (some col.) ;
Dimensions 28 cm.
504 ## - BIBLIOGRAPHY, ETC. NOTE
Bibliography, etc Includes bibliographical references and index.
650 #0 - SUBJECT ADDED ENTRY--TOPICAL TERM
Topical term or geographic name as entry element Human anatomy.
9 (RLIN) 134
856 42 - ELECTRONIC LOCATION AND ACCESS
Materials specified Publisher description
Uniform Resource Identifier <a href="http://www.loc.gov/catdir/enhancements/fy0730/98048704-d.html">http://www.loc.gov/catdir/enhancements/fy0730/98048704-d.html</a>
906 ## - LOCAL DATA ELEMENT F, LDF (RLIN)
a 7
b cbc
c orignew
d 1
e ocip
f 19
g y-gencatlg
942 ## - ADDED ENTRY ELEMENTS (KOHA)
Source of classification or shelving scheme Other/Generic Classification Scheme
Koha item type Book Bank
Koha issues (borrowed), all copies 2
Holdings
Withdrawn status Lost status Source of classification or shelving scheme Damaged status Not for loan Home library Current library Date acquired Source of acquisition Inventory number Total Checkouts Full call number Barcode Date last seen Koha item type Date last checked out Checked out Public note
    Other/Generic Classification Scheme     MUST Main Library MUST Main Library 29/07/2014 Purchase 04/21212   QS4 M822c 1999 2014-1588 29/07/2014 Book Bank      
    Other/Generic Classification Scheme     MUST Main Library MUST Main Library 29/07/2014 Purchase 04/20742 5 QS4 M822c 1999 2014-1589 12/03/2024 Book Bank 23/10/2023    
    Other/Generic Classification Scheme     MUST Main Library MUST Main Library 29/07/2014 Purchase 04/21201 5 QS4 M822c 1999 2014-1590 20/05/2024 Book Bank 15/03/2024    
    Other/Generic Classification Scheme     MUST Main Library MUST Main Library 29/07/2014 Purchase 04/21198 5 QS4 M822c 1999 2014-1591 05/03/2026 Book Bank 05/03/2026 30/04/2026  
    Other/Generic Classification Scheme     MUST Main Library MUST Main Library 22/09/2014 Purchase 04/21644   QS4 M822c 1999 2014-2914 22/09/2014 Short Loan      
    Other/Generic Classification Scheme     MUST Main Library MUST Main Library 22/09/2014 Purchase 04/21204   QS4 M822c 1999 2014-2915 22/09/2014 Short Loan      
    Other/Generic Classification Scheme     MUST Main Library MUST Main Library 22/09/2014 Purchase 04/21203   QS4 M822c 1999 2014-2916 22/09/2014 Short Loan      
    Other/Generic Classification Scheme     MUST Main Library MUST Main Library 22/09/2014 Purchase 04/21643 4 QS 4 M822c 1999 2014-2917 14/07/2022 Open Shelf 13/07/2022   No borrowing
    Other/Generic Classification Scheme     MUST Main Library MUST Main Library 10/12/2019 Purchase 04/21205 4 QS4 M822c 1999 2019-0730 17/02/2026 Book Bank 17/02/2026 30/04/2026  
    Other/Generic Classification Scheme     MUST Main Library MUST Main Library 24/02/2022 Purchase 04/21200 2 QS 4 M822c 1999 2022-0293 18/12/2023 Book Bank 06/10/2023